Statistiques concernant Culture générale - Les chats.

Cliquez ici pour prendre le quiz!

Statistiques générales

  • Ce quiz a été pris 1 294 fois
  • Le résultat moyen est 10 sur 15

Statistiques - réponses

QuestionsRéponses% Correct
Couleur de chat qui porte malheur selon la croyance.Noir
97%
Gros chat roux qui n'aime pas le lundi.Garfield
96%
Chat de dessin animé qui pourchasse la souris Jerry.Tom
96%
Sur quoi retombent-ils toujours d'après l'expression.Sur leurs pattes
94%
On dit qu'ils en ont 9.Vies
93%
Durée moyenne de la gestion chez la chatte (en mois)2 mois
83%
Invention que l'on doit à Isaac Newton et qui permet au chat d'entrer et sortir à sa guise.Chatière
77%
"Le chat" est une marque de ce produit ménager.Lessive
67%
Nombres de dents définitives au maximum chez le chat adulte.30
50%
Chat de BD et films qui aide le méchant Gargamelle à attraper les Schtroumpfs.Azraël
49%
Nom d'un chat célèbre sur internet, que l'on peut traduire en Français par "le chat grincheux".The Grumpy Cat
49%
Race de chats originaire du Canada, caractérisé par la quasi-absence de fourrure.Sphynx
48%
Mot qui définit le fait que le chat peut voir la nuit.Nyctalope
42%
Chat noir qui parle, partenaire de "Sabrina, l'apprentie sorcière".Salem
29%
Fille du dieu soleil Rê ou parfois considérée comme la fille d'Amon dans la mythologie Égyptienne.Bastet
15%

Distribution des résultats

Percentile par nombre de réponses

% des personnes avec chaque résultat

Votre développement - résultats

Vous n’avez pas pris ce quiz